000 00588nam a2200229Ia 4500
003 OSt
005 20220918191803.0
006 a|||||r|||| 00| 0
007 ta
008 220917b |||||||| |||| 00| 0 eng d
024 _a65,033
037 _cTextual
040 _aARTS
_cARTS
_beng
041 _2eng
_aeng
082 _aR1xF9,1:g, M2
100 _aHughes G E
245 0 _aJohn Buridan on self reference
260 _aCambridge
_bUNiv Press
_c1982
300 _axi, 232p.
_ccm.
942 _hR1xF9,1:g, M2
_cTEXL
_2CC
999 _c191370
_d191370